Normal view MARC view

Entry Personal Name

Number of records used in: 2

001 - CONTROL NUMBER

  • control field: 83710

003 - CONTROL NUMBER IDENTIFIER

  • control field: dpl

005 - DATE AND TIME OF LATEST TRANSACTION

  • control field: 20250804160148.0

008 - FIXED-LENGTH DATA ELEMENTS

  • fixed length control field: 250804|| aca||aabn | a|a d

040 ## - CATALOGING SOURCE

  • Original cataloging agency: dpl
  • Transcribing agency: dpl

100 ## - HEADING--PERSONAL NAME

  • Personal name: बड़ोदिया, सुधीर

670 ## - SOURCE DATA FOUND

  • Source citation: Work cat.: (dpl)212839: बड़ोदिया, सुधीर, तुम हो चित्र सखा/, 2023

© Delhi Public Library
Hit Counter
free hit counter